00355nam a2200109Ia 4500082001100000245002300011100004800034942000700082008004100089999001900130952009600149 aAF KEL 0aLiefste Catherine  a KELSEY, Madelein Pretoria, 1994 913990 cBK210817s9999 xx 000 0 und d c214649d214648 00104070aEVANLbEVANLd2021-08-18g115.69l0p33228013977523r2021-08-18w2021-08-18yBK